000
00252nmm a2200097Ia 4500
008
220120s9999||||xx |||||||||||||||||und||
020
_a
981-240-052-4
100
_a
Dani, Asang and Kanetkar, Yashavant
245
0
_a
Go embedded
260
_a
BPB publication
999
_c
139603
_d
139603